| 000 | 01002nam a22002657a 4500 | ||
|---|---|---|---|
| 001 | 120 | ||
| 003 | BD-RjUL | ||
| 005 | 20211208233122.0 | ||
| 008 | 131115r20021996ii d | |||| 001 0 eng d | ||
| 020 | _a8120314670 | ||
| 035 | _a(BD-RjUL)132 | ||
| 040 |
_aBD-RjUL _beng _cBD-RjUL |
||
| 041 | _aeng | ||
| 082 | 0 | 4 |
_220 _a005.265 _bBRP 2002 |
| 100 | 1 |
_aBrey, Barry B. _9350 |
|
| 245 | 1 |
_aProgramming the 80286, 80386, 80486, and pentium-based personal computer / _cBarry B. Brey. |
|
| 250 | _aEastern Economy Edition. | ||
| 260 |
_aNew Delhi : _bPrentice, Hall of India, _cc1996 [Reprinted 2002]. |
||
| 300 |
_ax, 781 p. : _bill. ; _c25 cm. + |e 1 computer disk (3 1/2 in.) |
||
| 500 | _aIncludes index. | ||
| 526 | _bComputer Science | ||
| 650 | 7 |
_2SLSH _aIntel 80xxx series microprocessors -- Programming. _9351 |
|
| 856 | 4 |
_3Worldcat details _uhttp://www.worldcat.org/title/programming-the-80286-80386-80486-and-pentium-based-personal-computer/oclc/32779362&referer=brief_results |
|
| 942 |
_2ddc _cBK |
||
| 999 |
_c120 _d120 |
||